All 4x National Champions NCAA Wrestling - Statistics

General Stats
  • This quiz has been taken 116 times
  • The average score is 5 of 7
Answer Stats
Hint Answer % Correct
Iowa State (1999,2000,2001,2002) Cael Sanderson
88%
Penn State (2021,2022, 2023,2024) Carter Starocci
84%
Cornell (2010,2011,2012, 2013) Kyle Dake
81%
Penn State (2021,2022,2024,2024) Aaron Brooks
80%
Ohio State (2012,2013, 2024, 2015) Logan Stieber
64%
Oklahoma State (1990,1991,1992,1994) Pat Smith
63%
Cornell (2018, 2019,2022, 2023) Yianni Diakomihalis
59%
No matching quizzes found
Score Distribution
Percent of People with Each Score
Percentile by Number Answered
Your Score History
You have not taken this quiz